|
|
|
|
| LEADER |
00000nam a2200000 a 4500 |
| 001 |
vtls001263153 |
| 003 |
SK-MaSNL |
| 005 |
20260301234530.0 |
| 008 |
251113s1936 xr 0 cze |
| 035 |
|
|
|a SNK000214052
|
| 040 |
|
|
|a SNK
|b slo
|c SNK
|e AACR2
|
| 044 |
|
|
|a xr
|c CZ
|
| 100 |
1 |
|
|a Beneš, Edvard,
|d 1884-1948
|4 aut
|9 110633
|
| 245 |
1 |
|
|a Jak pracovat pro mír
|c Edvard Beneš
|
| 260 |
|
|
|a Praha
|b Nákl.Jednoty čsl. matematiků a fysiků
|c 1936
|
| 300 |
|
|
|a 22 s.
|c 8°
|
| 490 |
1 |
|
|a Sbírka přednášek a rozprav. řada 1.
|v 13
|
| 830 |
|
0 |
|a Sbírka přednášek a rozprav
|9 630684
|
| 999 |
|
|
|c 970451
|d 972381
|
| 952 |
|
|
|t P60, <04>, [BOOK], {604}
|a SNK
|b SNK
|y VYP
|7 0
|o snkIC 18076
|i snk5725/57
|0 0
|1 0
|4 0
|d 1996-10-10
|l 0
|r 2005-01-01 00:00:00
|w 2026-02-24
|
| 952 |
|
|
|t P60, <04>, [BOOK], {604}
|a SNK
|b SNK
|y VYP
|7 0
|o snkIC 18076 D1
|i snkD 4551/76
|0 0
|1 0
|4 0
|d 1996-10-10
|l 0
|r 2005-01-01 00:00:00
|w 2026-02-24
|